|
|
|
|
| LEADER |
02579nam a22005655i 4500 |
| 001 |
978-1-137-28792-2 |
| 003 |
DE-He213 |
| 005 |
20200919112326.0 |
| 007 |
cr nn 008mamaa |
| 008 |
151028s2013 xxk| s |||| 0|eng d |
| 020 |
|
|
|a 9781137287922
|9 978-1-137-28792-2
|
| 024 |
7 |
|
|a 10.1057/9781137287922
|2 doi
|
| 050 |
|
4 |
|a JA76
|
| 072 |
|
7 |
|a JHB
|2 bicssc
|
| 072 |
|
7 |
|a SOC026000
|2 bisacsh
|
| 072 |
|
7 |
|a JHB
|2 thema
|
| 072 |
|
7 |
|a JP
|2 thema
|
| 082 |
0 |
4 |
|a 306.2
|2 23
|
| 100 |
1 |
|
|a Delanty, G.
|e author.
|4 aut
|4 http://id.loc.gov/vocabulary/relators/aut
|
| 245 |
1 |
0 |
|a Formations of European Modernity
|h [electronic resource] :
|b A Historical and Political Sociology of Europe /
|c by G. Delanty.
|
| 250 |
|
|
|a 1st ed. 2013.
|
| 264 |
|
1 |
|a London :
|b Palgrave Macmillan UK :
|b Imprint: Palgrave Macmillan,
|c 2013.
|
| 300 |
|
|
|a XII, 338 p.
|b online resource.
|
| 336 |
|
|
|a text
|b txt
|2 rdacontent
|
| 337 |
|
|
|a computer
|b c
|2 rdamedia
|
| 338 |
|
|
|a online resource
|b cr
|2 rdacarrier
|
| 347 |
|
|
|a text file
|b PDF
|2 rda
|
| 520 |
|
|
|a This book presents a historical and political sociology of European history and society. It offers a critical interpretation of the course of European history looking at the emergence of the idea of Europe and the emergence of modernity.
|
| 650 |
|
0 |
|a Political sociology.
|
| 650 |
|
0 |
|a Social history.
|
| 650 |
|
0 |
|a Ethnology—Europe.
|
| 650 |
|
0 |
|a Europe—History.
|
| 650 |
|
0 |
|a History, Modern.
|
| 650 |
|
0 |
|a Political science.
|
| 650 |
1 |
4 |
|a Political Sociology.
|0 https://scigraph.springernature.com/ontologies/product-market-codes/X22170
|
| 650 |
2 |
4 |
|a Social History.
|0 https://scigraph.springernature.com/ontologies/product-market-codes/724000
|
| 650 |
2 |
4 |
|a European Culture.
|0 https://scigraph.springernature.com/ontologies/product-market-codes/411070
|
| 650 |
2 |
4 |
|a European History.
|0 https://scigraph.springernature.com/ontologies/product-market-codes/717000
|
| 650 |
2 |
4 |
|a Modern History.
|0 https://scigraph.springernature.com/ontologies/product-market-codes/713000
|
| 650 |
2 |
4 |
|a Political Science.
|0 https://scigraph.springernature.com/ontologies/product-market-codes/911000
|
| 710 |
2 |
|
|a SpringerLink (Online service)
|
| 773 |
0 |
|
|t Springer Nature eBook
|
| 776 |
0 |
8 |
|i Printed edition:
|z 9781137287908
|
| 776 |
0 |
8 |
|i Printed edition:
|z 9781137287915
|
| 776 |
0 |
8 |
|i Printed edition:
|z 9781349449873
|
| 856 |
4 |
0 |
|u https://doi.org/10.1057/9781137287922
|
| 912 |
|
|
|a ZDB-2-PSE
|
| 912 |
|
|
|a ZDB-2-SXS
|
| 950 |
|
|
|a Palgrave Social Sciences Collection (SpringerNature-41146)
|
| 950 |
|
|
|a Social Sciences (R0) (SpringerNature-43726)
|